000 00372nam a22001697a 4500
005 20160620093255.0
008 160620b xxu||||| |||| 00| 0 eng d
020 _a978-0-07-068213-9
041 _aeng
082 _b8328
100 _aAswathappa. K.
_92276
245 _aHuman Resource
260 _bTMH
300 _a804
650 _aManagement
_9241
942 _cBK
999 _c3187
_d3186